| 000 | 00571nam a2200169 a 4500 | ||
|---|---|---|---|
| 001 | 000030608 | ||
| 005 | 20200930062415.0 | ||
| 008 | 100316s1955 dr ac 000 0 spa d | ||
| 040 |
_aDO-SdBNP _bspa _cBNPHU |
||
| 041 | 1 | 7 |
_aspa _2eng |
| 082 |
_axxx _bxxx |
||
| 111 | 2 |
_aFeria de la Paz y Confraternidad del Mundo Libre. _d(1955: _cCiudad Trujillo) _953952 |
|
| 245 | 1 | 3 | _aFeria de la Paz y Confraternidad del Mundo Libre. |
| 260 |
_aCiudad Trujillo, República Dominicana : _bPartido Dominicano _bEditora del Caribe, _c1955. |
||
| 300 |
_a28 p. : ; _c24 cm. |
||
| 049 | _aBNPD | ||
| 999 |
_c30100 _d30100 |
||